| 000 | 01603nam a2200325 i 4500 | ||
|---|---|---|---|
| 001 | 000025697 | ||
| 003 | DO-SdBNP | ||
| 005 | 20260305073951.0 | ||
| 007 | ta | ||
| 008 | 110221s1986 dr 000 0 spa d | ||
| 040 |
_aDO-SdBNP _bspa _cBNPHU _erda |
||
| 082 | 4 |
_a330.917293 _bF745c _222 |
|
| 110 | 2 |
_aFORUM _98563 |
|
| 245 | 1 | 0 |
_aCausas y manejo de la crisis económica dominicana 1974-1984 / _ceditor Frank Moya Pons. |
| 260 | _aSanto Domingo : | ||
| 264 |
_aSanto Domingo : _bFORUM, Amigo del Hogar, _c186 |
||
| 300 |
_a184 páginas _c22 cm. |
||
| 336 |
_2dacontent _atexto _btxt |
||
| 337 |
_2rdamedia _asin mediación _bn |
||
| 338 |
_2rdacarrier _avolumen _bnc |
||
| 490 | 0 |
_aFORUM _v18 |
|
| 505 | 0 |
_gPresentación / _rEduardo Latorre -- _tIntroducción / _rFrank Moya Pons -- _tLa crisis económica actual y sus manejos / _rRamón Martínez Aponte -- _gDebate -- _tCrisis y perspectivas de la economía dominicana / _rMiguel Ceara Hatton -- _gDebate -- _tAnálisis de los principales problemas de la economía dominicana en el corto y largo plazo / _rEduardo García Michel -- _gDebate -- _t¿Qué modalidad del desarrollo perece arrasada por la presente crisis? ¿Cuál debería surgir sobre sus escombros? / _rJosé Israel Cuello -- _gDebate. |
|
| 590 | _aInventariado, 2018/ YL | ||
| 650 | 4 |
_aCrisis económica _zRepública Dominicana _913092 |
|
| 651 | 4 |
_aRepública Dominicana _xCondiciones Económicas _9281 |
|
| 651 | 4 |
_aRepública Dominicana _xPolítica Económica _9643 |
|
| 700 | 1 |
_aMoya Pons, Frank, _d1944- _eeditor _92095 |
|
| 910 | _aValidado. Control de calidad EMS | ||
| 942 |
_2ddc _cLBS1 |
||
| 999 |
_c25189 _d25189 |
||